Health services for mothers and children /

Saved in:
Bibliographic Details
Main Author: Wallace, Helen M.
Other Authors: Rose, John A.
Format: Book
Language:English
Published: Philadelphia, Pa. : Saunders, 1962.
Subjects:
LEADER 01087nam a2200277 a 4500
001 c000339787
003 CARM
005 00000000000000.0
008 830427s1962 pauab b 00110 eng d
019 1 |a 2451958  |z 28082773  |5 LACONCORD2021 
035 |a (OCoLC)1197934  |5 LACONCORD2021 
040 |a NSL  |c NSL 
043 |a n-us--- 
100 1 |a Wallace, Helen M. 
245 1 0 |a Health services for mothers and children /  |c Helen M. Wallace ; with two chapters by John A. Rose. 
260 |a Philadelphia, Pa. :  |b Saunders,  |c 1962. 
300 |a xiv, 466 p. :  |b ill., maps ;  |c 26 cm. 
504 |a Includes bibliographies and index. 
650 0 |a Child health services  |z United States. 
650 0 |a Maternal health services  |z United States. 
650 0 |a Children  |x Health and hygiene  |z United States. 
700 1 |a Rose, John A. 
852 8 |b CARM  |h A1:AL08E0  |i C10363  |p 0455490  |f BK 
082 0 4 |a 362.7/0973  |2 19 
999 f f |i 61b5dbe6-f19b-5a8b-aadf-3baf0c2f3976  |s 1478efa5-088a-52ea-b3b6-8f0b55c31a0f 
952 f f |p Can circulate  |a CAVAL  |b CAVAL  |c CAVAL  |d CARM 1 Store  |e C10363  |f A1:AL08E0  |h Other scheme  |i book  |m 0455490